| 000 | 01472nam a22003977a 4500 | ||
|---|---|---|---|
| 003 | CHAP | ||
| 005 | 20220329135302.0 | ||
| 008 | 971013s1962 r 00010 d | ||
| 010 | _a33796 | ||
| 011 | _a34768 | ||
| 035 | _a38884 | ||
| 040 | _cCHAP | ||
| 082 |
_a334 _bM4 |
||
| 100 | 0 | 0 |
_aMejía Scarneo, Julio. _974286 |
| 245 | _aOrganización y administración de empresas cooperativas | ||
| 260 |
_aWashington : _bUnión Panamericana, _c1962 |
||
| 300 |
_a13 p. _b: ilus |
||
| 490 |
_aManuales técnicos _v; 4 |
||
| 590 |
_aBATCH-UPD _b10 _c20130110 _lUCH01 _h0321 |
||
| 590 |
_aBATCH-UPD _b10 _c20130110 _lUCH01 _h2142 |
||
| 590 |
_aBATCH-UPD _b10 _c20130409 _lUCH01 _h2354 |
||
| 590 |
_aBATCH-UPD _b10 _c20130410 _lUCH01 _h1451 |
||
| 590 |
_aBATCH-UPD _b10 _c20130914 _lUCH01 _h1744 |
||
| 590 |
_aCONVERSION _b10 _c20130109 _lUCH01 _h1319 |
||
| 650 | 1 | 4 |
_aSociedades cooperativas _xColima. _9108124 |
| 830 | 0 |
_aManuales técnicos _v; 4 _970697 |
|
| 901 | _aBK | ||
| 942 | _cLIBRO | ||
| 949 |
_a334 M4 _bBC _cLIBRO _d-88810 _eLIBRO _i38884 _mD _si |
||
| 949 |
_a334 M4 _bBC _cLIBRO _d33724000334231 _eLIBRO _fc.5 _i38884 _si |
||
| 949 |
_a334 M4 _bBC _cLIBRO _d33724000334256 _eLIBRO _fc.2 _i38884 _mD _si |
||
| 949 |
_a334 M4 _bBC _cLIBRO _d33724000334330 _eLIBRO _fc.7 _i38884 _si |
||
| 949 |
_a334 M4 _bBC _cLIBRO _d33724000334355 _eLIBRO _fc.4 _i38884 _si |
||
| 949 |
_a334 M4 _bBC _cLIBRO _d33724000334363 _eLIBRO _fc.3 _i38884 _si |
||
| 949 |
_a334 M4 _bBC _cLIBRO _d33724000545265 _eLIBRO _fc.6 _i38884 _si |
||
| 999 |
_c33796 _d33796 |
||